[Event "Biella Vercelli Province-ch"]
[Site "Biella"]
[Date "2014.03.16"]
[Round "4"]
[White "Lavino, Stefano"]
[Black "Della Peruta, Lorenzo"]
[Result "1-0"]
[WhiteElo "1630"]
[BlackElo "1423"]
[PlyCount "103"]
[EventDate "2014.03.14"]
[EventType "swiss"]
[EventRounds "5"]
[EventCountry "ITA"]
[SourceTitle "EXT 2015"]
[Source "ChessBase"]
[SourceDate "2014.11.20"]
[SourceVersion "1"]
[SourceVersionDate "2014.11.20"]
[SourceQuality "1"]

1. d4 d5 2. Bf4 Nf6 3. e3 Nc6 4. Nf3 Bf5 5. c4 e6 6. a3 Bd6 7. Nc3 Bxf4 8. exf4 dxc4 9. Qa4 0-0 10. Rd1 Nd5 11. g3 Nb6 12. Qb5 a6 13. Qc5 Qf6 14. Ne5 Nxe5 15. dxe5 Qg6 16. Bg2 Na4 17. Qxc4 Nxb2 18. Qxc7 Nxd1 19. Nxd1 Rac8 20. Qxb7 Rfd8 21. 0-0 Bd3 22. Re1 Bb5 23. Ne3 h6 24. Be4 f5 25. exf6 Qxf6 26. Ng4 Qf7 27. Qb6 Bd3 28. Bxd3 Rxd3 29. Qxa6 Rcd8 30. Ne5 Rd1 31. Nxf7 Rxe1+ 32. Kg2 Kxf7 33. Qb7+ Kg8 34. Qb6 Re8 35. a4 Ra1 36. a5 Ra2 37. a6 Ra1 38. a7 Ra3 39. Qb7 Ra1 40. Kh3 Kh7 41. Kh4 Ra2 42. Kg4 Ra3 43. h4 Ra1 44. h5 Ra3 45. Kh3 Ra1 46. g4 Ra3+ 47. Kg2 Ra1 48. g5 hxg5 49. fxg5 Kg8 50. g6 Rf8 51. h6 Ra2 52. Qxg7# 1-0

[Event "Biella Vercelli Province-ch"]
[Site "Santhia"]
[Date "2013.03.08"]
[Round "1"]
[White "Migliorini, Matteo"]
[Black "Lavino, Stefano"]
[Result "1-0"]
[WhiteElo "1987"]
[BlackElo "1640"]
[PlyCount "65"]
[EventDate "2013.03.08"]
[EventType "swiss"]
[EventRounds "5"]
[EventCountry "ITA"]
[SourceTitle "EXT 2014"]
[Source "ChessBase"]
[SourceDate "2013.11.20"]
[SourceVersion "1"]
[SourceVersionDate "2013.11.20"]
[SourceQuality "1"]

1. e4 d5 2. exd5 Qxd5 3. Nf3 Nf6 4. d4 c6 5. Be2 Bf5 6. 0-0 e6 7. c4 Qd8 8. Nc3 Be7 9. Ne5 Nbd7 10. Nxd7 Qxd7 11. Bf3 0-0 12. Be3 Rfd8 13. Qe2 Qc7 14. Rac1 Qa5 15. a3 Rd7 16. Rfd1 Qd8 17. Rd2 h6 18. Rcd1 a6 19. g4 Bg6 20. d5 cxd5 21. cxd5 exd5 22. Nxd5 Nxd5 23. Bxd5 Kh7 24. Bxb7 Rxd2 25. Rxd2 Qb8 26. Bxa8 Qxa8 27. Bxh6 Bf6 28. Bf4 Qc6 29. g5 Qc1+ 30. Kg2 Bxb2 31. Qf3 Qc8 32. Rxb2 Qe8 33. Qh3+ 1-0

[Event "Biella Province-ch"]
[Site "Valle Mosso"]
[Date "2012.04.13"]
[Round "5"]
[White "Lavino, Stefano"]
[Black "Santo, Sebastiano"]
[Result "1/2-1/2"]
[WhiteElo "1677"]
[BlackElo "1439"]
[PlyCount "85"]
[EventDate "2012.03.02"]
[EventType "swiss"]
[EventRounds "5"]
[EventCountry "ITA"]
[SourceTitle "EXT 2024"]
[Source "ChessBase"]
[SourceDate "2023.10.10"]
[SourceVersion "1"]
[SourceVersionDate "2023.10.10"]
[SourceQuality "1"]

1. d4 f5 2. g3 Nf6 3. Bg2 g6 4. c4 Bg7 5. Nc3 d6 6. Nf3 c6 7. Qb3 Na6 8. 0-0 Rb8 9. Bf4 Qb6 10. c5 Qxb3 11. axb3 Kd7 12. Ra4 b5 13. Raa1 Ra8 14. cxd6 exd6 15. Nh4 Nc7 16. Rfe1 a5 17. Ra2 b4 18. Na4 Ra6 19. e4 Nxe4 20. Bf1 Bxd4 21. Be3 Bxe3 22. Rxe3 Nb5 23. Ra1 Ra7 24. Rd1 Kc7 25. Nf3 g5 26. Nd2 d5 27. f3 Nxd2 28. Rxd2 Kb8 29. Nc5 f4 30. Re5 fxg3 31. hxg3 Rf7 32. Kg2 Rhf8 33. Bxb5 cxb5 34. Rexd5 Rxf3 35. Rxg5 R3f5 36. Rxf5 Bxf5 37. Nd7+ Bxd7 38. Rxd7 Rc8 39. Rd2 Kb7 40. Kf3 Rc5 41. Rd7+ Rc7 42. Rd2 Kb6 43. Ke3 1/2-1/2

[Event "Piemont Province-ch"]
[Site "Santhia"]
[Date "2011.04.15"]
[Round "6"]
[White "Bozio, Stefano"]
[Black "Lavino, Stefano"]
[Result "1/2-1/2"]
[WhiteElo "1458"]
[BlackElo "1715"]
[PlyCount "45"]
[EventDate "2011.03.04"]
[EventType "swiss"]
[EventRounds "6"]
[EventCountry "ITA"]
[SourceTitle "EXT 2024"]
[Source "ChessBase"]
[SourceDate "2023.10.10"]
[SourceVersion "1"]
[SourceVersionDate "2023.10.10"]
[SourceQuality "1"]

1. e4 c6 2. d4 d5 3. e5 Bf5 4. Nf3 e6 5. g3 c5 6. c3 Nc6 7. Be3 Qc7 8. Bb5 a6 9. Bxc6+ bxc6 10. Nbd2 c4 11. b3 cxb3 12. Qxb3 Rb8 13. Qa4 Qb7 14. 0-0 Nh6 15. Bxh6 gxh6 16. c4 Be7 17. cxd5 exd5 18. Rfc1 Bd7 19. Rab1 Qa7 20. Rxb8+ Qxb8 21. Qxa6 0-0 22. Qd3 Qa7 23. Qe3 1/2-1/2

[Event "Biella op 1st"]
[Site "Biella"]
[Date "2010.09.25"]
[Round "3"]
[White "Gemelli, Giovanni"]
[Black "Lavino, Stefano"]
[Result "1/2-1/2"]
[WhiteElo "1500"]
[BlackElo "1755"]
[PlyCount "34"]
[EventDate "2010.09.24"]
[EventType "swiss"]
[EventRounds "5"]
[EventCountry "ITA"]
[SourceTitle "EXT 2024"]
[Source "ChessBase"]
[SourceDate "2023.10.10"]
[SourceVersion "1"]
[SourceVersionDate "2023.10.10"]
[SourceQuality "1"]

1. e4 c6 2. d4 d5 3. e5 Bf5 4. Bd3 Bxd3 5. Qxd3 e6 6. Nf3 Qa5+ 7. c3 Nd7 8. 0-0 c5 9. Bf4 Ne7 10. Na3 Ng6 11. Bd2 c4 12. Qb1 Bxa3 13. bxa3 Rb8 14. Qb4 Qxb4 15. axb4 0-0 16. a4 f6 17. exf6 Nxf6 1/2-1/2